Football quizz en H - Statistiques

Statistiques générales
  • Ce quiz a été pris 105 fois
    30 depuis la dernière actualisation
  • Le résultat moyen est 8 sur 12
Statistiques - réponses
Hint Réponse % Correct
Fraternité française jouant en équipe de France. Hernandez
92%
Prénom d’un ancien joueur belge célèbre, passé par Chelsea, connu pour ses dribbles et sa vitesse. Hazard
88%
L'un des meilleurs attaquants français, passé notamment par le FC Barcelone, ou encore Arsneal Henry
88%
Prénom du gardien de l'équipe de France pendant la casi totalité du 21e siècle Hugo
85%
Défenseur Allemand ayant évolué au Bayern, puis a Dortmund, puis au Bayern, puis à Dortmund... Hummels
85%
Ville allemande ayant accueilli des matchs lors de la Coupe du Monde 2006. Hanovre, Hambourg
77%
Prénom de l'un des meilleurs buteurs anglais du 21e siècle. Harry
77%
Club français, récemment monté en Ligue 1, évènement tant attendu par ses supporters. Havre AC
69%
Prénom du joueur Français à l'époque, il était pressenti comme la plus grosse pépite française (au même niveau que Messi) Hatem
65%
Surnom donné aux supporters les plus bruyants et passionnés d’un club. Hooligans
38%
Club écossais basé à Edimbourg, rival de Heart of Midlothian. Hibernian
15%
Geste techniques spectaculaire, notamment utilisé par Neymar ou Ronaldinho Hocus pocus
8%
Aucun quiz correspondant
Distribution des résultats
% des personnes avec chaque résultat
Percentile par nombre de réponses
Votre historique - résultats
Vous n’avez pas pris ce quiz depuis la dernière actualisation